000 00450ntaaa2200181 4500
003 01
005 20251027201239.0
008 0714s1973 ag 01
040 _aAR-BaBN
_bspa
_cAR-BaBN
_eaacr
_dRIC
082 _a301.42 R93
100 _aRutledge, Arthur B.
_910580
245 _aHomes that last /
_cArthur B. Rutledge
250 _a1 ed. :
_bBroadman Press,
_cc1952
300 _a134 p.
650 _aHogar
_97807
650 _aFamilia
942 _cBK
999 _c6791
_d6791